STATISTICS FOR THE BEHAVIORAL AND SOCIAL SCIENCE (Record no. 215604)

MARC details
000 -LEADER
fixed length control field 00424nam a22001577a 4500
008 - FIXED-LENGTH DATA ELEMENTS--GENERAL INFORMATION
fixed length control field 250605b |||||||| |||| 00| 0 eng d
020 ## - INTERNATIONAL STANDARD BOOK NUMBER
International Standard Book Number 978-013-156278-3
050 ## - LIBRARY OF CONGRESS CALL NUMBER
Classification number HA 29.A76 2007
100 ## - MAIN ENTRY--PERSONAL NAME
Personal name ARON ARTHUR
245 ## - TITLE STATEMENT
Title STATISTICS FOR THE BEHAVIORAL AND SOCIAL SCIENCE
260 ## - PUBLICATION, DISTRIBUTION, ETC.
Place of publication, distribution, etc. NEW JERSEY
Name of publisher, distributor, etc. PRENTICE HALL
Date of publication, distribution, etc. 2007
300 ## - PHYSICAL DESCRIPTION
Extent X,477
500 ## - GENERAL NOTE
General note INCLUDES AN INDEX
942 ## - ADDED ENTRY ELEMENTS (KOHA)
Source of classification or shelving scheme Library of Congress Classification
Koha item type Long Loan Book
Holdings
Withdrawn status Lost status Source of classification or shelving scheme Damaged status Not for loan Collection Home library Current library Shelving location Date acquired Inventory number Total checkouts Full call number Barcode Date last seen Copy number Price effective from Koha item type
    Library of Congress Classification     Business & Economics Kisii University Library Kisii University Library On Display 06/05/2025 77479   HA 29.A76 2007 000000017824 06/05/2025 C.1 06/05/2025 Long Loan Book